000 00558nam a22001577a 4500
003 BUBTL
008 190421b bg0||||| |||| 00| 0 ben 0
020 _a984700080275
082 _a891.444/
_bচধর
100 _92283
_aগিয়াস উদ্দিন আ: চৌধুরী
245 _aরনাঙ্গন:
_bরাজশাহী-বগুড়া
300 _a140 পৃ:
_bচিত্রিত;
_c29 সে.মি.
700 _bগিয়াস উদ্দিন আ: চৌধুরী
856 _k0
_l0
_yDownload
942 _2ddc
_cBK
999 _c5983
_d5983